00653nam a2200169 a 450000100100000000500170001000800410002704000250006810000340009324500490012725000110017626000800018730000200026704900090028795201700029699900170046600003302820200930070000.0110808s1939 dr 000 0 spa d aDO-SdBNPbspacBNPHU1 aGonzalo de Cordoba, P.95873510aPinceladas liricas /cP. Gonzalo de Cordoba. a2a ed. aCiudad Trujillo, República Dominicana :bTipografía Franciscana,c1939. a79 p. ;c18 cm. aBNPD 001050718RVaPDbPDcCTd2011-08-08iLF1l0o p33028-10r2020-06-25w2020-06-25y1zPerteneció a la biblioteca personal de Germán Emilio Ornes.ZNo se presta c32519d32519